【共通テスト化学】合成樹脂・ゴムの用途 - Statistics

General Stats
  • This quiz has been taken 7 times
  • The average score is 10 of 18
Answer Stats
Hint Answer % Correct
ポリ塩化ビニル 水道管・ビニル傘・ガーデンホース
100%
アルキド樹脂 ペンキ・自動車塗装・インク
100%
ポリエチレン レジ袋・ポリバケツ・マヨネーズ
50%
ポリプロピレン タッパー・ストロー・注射器
50%
ポリアクリロニトリル セーター・毛布
50%
ポリ酢酸ビニル 木工用ボンド・チューインガム
50%
ポリスチレン 発泡スチロール・卵パック
50%
ポリメタクリル酸メチル 水槽・アクリルスタンド
50%
ポリ塩化ビニリデン ラップ
50%
フェノール樹脂 鍋の取手
50%
ユリア樹脂(尿素樹脂) 服のボタン・電気のスイッチ
50%
メラミン樹脂 激落ちくん・給食用食器
50%
天然ゴム(ポリイソプレン) 飛行機のタイヤ・輪ゴム
50%
ブタジエンゴム タイヤの路面との接触面
50%
クロロプレンゴム ウェットスーツ・電線の被覆
50%
スチレン-ブタジエンゴム 乗用車のタイヤ・靴底
50%
シリコーンゴム コンタクトレンズ・スマホケース
50%
アクリロニトリル-ブタジエンゴム 石油ホース・接着剤
0%
No matching quizzes found
Score Distribution
Percent of People with Each Score
Percentile by Number Answered
Your Score History
You have not taken this quiz